000
00315nam a2200133Ia 4500
005
20251222144634.0
008
251222s9999||||xx |||||||||||||| ||spa||
020
_a
88-06-14741-2
082
_a
791.437.2/V76
100
_a
Benigni, Roberto
245
0
_a
La Vita é Bella
264
_b
Giulio Einaudi
942
_c
LIB
999
_c
16426
_d
16426